<?xml version="1.0" encoding="UTF-8"?>
<collection xmlns:xsi="http://www.w3.org/2001/XMLSchema-instance" xsi:schemaLocation="http://www.loc.gov/MARC21/slim http://www.loc.gov/standards/marcxml/schema/MARC21slim.xsd" xmlns="http://www.loc.gov/MARC21/slim">
 <record>
  <leader>00000ctm a22000003i 4500</leader>
  <controlfield tag="001">UP-99796217612562385</controlfield>
  <controlfield tag="003">Buklod</controlfield>
  <controlfield tag="005">20230215105418.0</controlfield>
  <controlfield tag="006">m    |o  d |      </controlfield>
  <controlfield tag="007">ta</controlfield>
  <controlfield tag="008">170809s        xx     d     r    |||| u|</controlfield>
  <datafield tag="035" ind1=" " ind2=" ">
   <subfield code="a">(iLib)UPD-00343311435</subfield>
  </datafield>
  <datafield tag="040" ind1=" " ind2=" ">
   <subfield code="a">DENGII</subfield>
   <subfield code="e">rda</subfield>
  </datafield>
  <datafield tag="041" ind1=" " ind2=" ">
   <subfield code="a">eng</subfield>
  </datafield>
  <datafield tag="090" ind1=" " ind2=" ">
   <subfield code="a">LG 995 2017 M37</subfield>
   <subfield code="b">D66</subfield>
  </datafield>
  <datafield tag="100" ind1="1" ind2=" ">
   <subfield code="a">Dono, Andrew C.</subfield>
   <subfield code="e">author.</subfield>
  </datafield>
  <datafield tag="245" ind1="1" ind2="0">
   <subfield code="a">Preparation and characterization of lithium lanthanum titanate lithium-ion conducting solid electrolyte</subfield>
   <subfield code="c">thesis by Andrew C. Doño ; Rinlee Butch M. Cervera, thesis adviser.</subfield>
  </datafield>
  <datafield tag="264" ind1=" " ind2="1">
   <subfield code="a">Quezon City</subfield>
   <subfield code="b">College of Engineering, University of the Philippines Diliman</subfield>
   <subfield code="c">2017.</subfield>
  </datafield>
  <datafield tag="300" ind1=" " ind2=" ">
   <subfield code="a">xiv, 110 leaves</subfield>
   <subfield code="b">color illustrations</subfield>
   <subfield code="c">28 cm</subfield>
  </datafield>
  <datafield tag="336" ind1=" " ind2=" ">
   <subfield code="a">text</subfield>
   <subfield code="2">rdacontent</subfield>
  </datafield>
  <datafield tag="337" ind1=" " ind2=" ">
   <subfield code="a">unmediated</subfield>
   <subfield code="2">rdamedia</subfield>
  </datafield>
  <datafield tag="338" ind1=" " ind2=" ">
   <subfield code="a">volume</subfield>
   <subfield code="2">rdacarrier</subfield>
  </datafield>
  <datafield tag="502" ind1=" " ind2=" ">
   <subfield code="a">Thesis (M.S. Materials Science and Engineering)--University of the Philippines Diliman</subfield>
   <subfield code="d">June 2017.</subfield>
  </datafield>
  <datafield tag="506" ind1=" " ind2=" ">
   <subfield code="a">Available to the general public.</subfield>
  </datafield>
  <datafield tag="520" ind1=" " ind2=" ">
   <subfield code="a">There has been a continually growing imporlance in lithium ionic solid electrolytes in recent years due to their technological applications like in high-energy all solid state lithium ion batteries and properties of high power density and good safety. Lithium lanthamun titanate (LLTO) Li3xLa(2/3)-x D(1/3 )-2xTiO3 was stable at a wide range of composition (0 &lt; x &lt; 0.167). The x≈ 0.1 member exhibits the highest bulk ionic conductivity of 1 x 10-3 S/cm at room temperature. However, the total ionic conductivity is low due to the low grain boundary ionic conductivity in the order of 10-5 to 10-7 S/cm. In this study, the general objective is to synthesize and characterize LLTO with x = 0.167, 0.117, 0.097, 0 indicates vacancy and initially investigate its potential as a lithium-ion conducting solid electrolyte. The experimental procedures carry out in this study consist of three (3) main phases which are as follows: (I) Preparation of the precursor powders; (2) Sintering of LLTO samples through solid state method; and (3) Preparation of sintered samples for electrochemical impedance spectroscopy (ElS) measurement. Thermal behavior of the as-prepared LLTO powders were analyzed using TG-DTA and likewise functional groups of the as-prepared, as-calcined and as-sintered LLTO were examined using FTIR. Sintered LLTO samples were completely characterized for its microstructural properties. Results shows that a pure LLTO phase to all composition were obtained in the form cubic perovskite Pm3m space group as observed from the XRD patterns. Moreover, morphology and compositions of the sintered LLTO samples were examined using SEM-EDS confirmed that the samples achieved high density because few pores were observed. The observed relative densities are above 94% for all samples. Likewise, EDS elemental mapping revealed the presence of La, Ti and O. The ionic conductivity of the sintered LLTO samples were evaluated using electrochemical impedance spectroscopy (EIS) analysis. Temperature dependence were carried out for Li0.50 La0.50 TiO3 1150:36, Li0.35 La0.55 TiO3 1150:36 and Li0.29 La0.57 TiO3 1150:36 since this samples exhibit high  total ionic conductivity (crT) at room temperature. The total ionic conductivity are 1.21 x 10-03, 1.69 x 10-03 and 8.20 x 10-04 S/cm for Li0.50 La0.50 TiO3 1150:36. Li0.35 La0.55 TiO3 1150:36 and Li0.29 La0.57 TiO3 1150:36 respectively at room temperature. The Li0.35 La0.55 TiO3 1150:36 showed high total ionic conductivity compared to the previous reported literatures.</subfield>
  </datafield>
  <datafield tag="650" ind1=" " ind2="0">
   <subfield code="a">Lithium cells.</subfield>
  </datafield>
  <datafield tag="650" ind1=" " ind2="0">
   <subfield code="a">Electrolytes</subfield>
   <subfield code="x">Conductivity.</subfield>
  </datafield>
  <datafield tag="700" ind1="1" ind2=" ">
   <subfield code="a">Cervera, Rinlee Butch M.</subfield>
   <subfield code="e">adviser.</subfield>
  </datafield>
  <datafield tag="842" ind1=" " ind2=" ">
   <subfield code="a">Thesis</subfield>
  </datafield>
  <datafield tag="905" ind1=" " ind2=" ">
   <subfield code="a">FI</subfield>
  </datafield>
  <datafield tag="905" ind1=" " ind2=" ">
   <subfield code="a">UP</subfield>
  </datafield>
  <datafield tag="852" ind1="0" ind2=" ">
   <subfield code="a">UPD</subfield>
   <subfield code="b">DENG-II</subfield>
   <subfield code="h">LG 995 2017 M37</subfield>
   <subfield code="i">D66</subfield>
  </datafield>
  <datafield tag="942" ind1=" " ind2=" ">
   <subfield code="a">Thesis</subfield>
  </datafield>
 </record>
</collection>
